Cit slečny Smilly pre sneh

Bibliographic Details
Main Author: Hoeg, Peter, 1957- (Author)
Other Authors: Chmelová-Handzová, Teodora, 1949- (Translator)
Format: Article
Language:Slovak
ISSN:0231-6269
Subjects:

MARC

LEADER 00000nab a2200000 a 4500
001 vtls000603893
003 SK-MaSNL
005 20260304100203.0
008 250425c1996 xo 0 slo
015 |a SNBRB19rr/mm-uuuuu 
035 |a CL0604032 
035 |a urn:nbn:sk:snk-abbqau 
035 |a (urnnbn)urn:nbn:sk:snk:ar-0047ps 
035 |a (uuid)f3cf62b4-6ee4-4aad-9162-ff27720c4121 
040 |a SNKBUCL  |b slo  |c SNKBUCL  |e AACR2 
041 0 |a slo 
044 |a xo  |c SK 
080 |a 839.8-3  |2 1981 
100 1 |a Hoeg, Peter,  |d 1957-  |4 aut 
245 1 0 |a Cit slečny Smilly pre sneh  |c Peter Hoeg ; Prekl. Teodora Handzová-Chmelová 
650 0 7 |a romány psychologické  |2 snkbucl  |9 653970 
655 7 |a články z novín a časopisov  |2 snkbucl  |9 267496 
700 1 |a Chmelová-Handzová, Teodora,  |d 1949-  |4 trl  |9 104526 
773 0 |t Revue svetovej literatúry  |g Roč. 32, č. 3 (1996), s. 164-175  |x 0231-6269 
850 |a Slovenská národná knižnica 
852 |a Slovenská národná knižnica 
958 |a article15 
958 |a LX 
958 |a DK 
958 |a RK 
958 |a OND 
958 |a EUIPO 
992 |a RBX 
999 |c 2836660  |d 2838590